| 000 | 01724nam a2200409Ia 4500 | ||
|---|---|---|---|
| 001 | ebr10150389 | ||
| 003 | CaPaEBR | ||
| 006 | m u | ||
| 007 | cr cn||||||||| | ||
| 008 | 060117s2006 nyu sb 001 0 eng d | ||
| 010 | _z 2006041590 | ||
| 020 | _z1403983607 | ||
| 020 | _z1403975256 | ||
| 040 |
_aCaPaEBR _cCaPaEBR |
||
| 035 | _a(OCoLC)567964976 | ||
| 050 | 1 | 4 |
_aDS559.46 _b.R68 2006eb |
| 082 | 0 | 4 |
_a070.4/333 _222 |
| 100 | 1 | _aRoselle, Laura. | |
| 245 | 1 | 0 |
_aMedia and the politics of failure _h[electronic resource] : _bgreat powers, communication strategies, and military defeats / _cLaura Roselle. |
| 250 | _a1st ed. | ||
| 260 |
_aNew York : _bPalgrave Macmillan, _c2006. |
||
| 300 | _a190 p. | ||
| 490 | 1 | _aPalgrave Macmillan series in international political communication | |
| 504 | _aIncludes bibliographical references (p. [173]-181) and index. | ||
| 533 |
_aElectronic reproduction. _bPalo Alto, Calif. : _cebrary, _d2009. _nAvailable via World Wide Web. _nAccess may be limited to ebrary affiliated libraries. |
||
| 650 | 0 |
_aVietnam War, 1961-1975 _xMass media and the war. |
|
| 650 | 0 |
_aMass media _zUnited States. |
|
| 650 | 0 |
_aCommunication in politics _zUnited States. |
|
| 650 | 0 |
_aMass media _zSoviet Union. |
|
| 650 | 0 |
_aCommunication in politics _zSoviet Union. |
|
| 650 | 0 | _aWar in mass media. | |
| 651 | 0 |
_aAfghanistan _xHistory _ySoviet occupation, 1979-1989 _xMass media and the war. |
|
| 655 | 7 |
_aElectronic books. _2local |
|
| 710 | 2 | _aebrary, Inc. | |
| 830 | 0 | _aPalgrave Macmillan series in international political communication. | |
| 856 | 4 | 0 |
_uhttp://site.ebrary.com/lib/rucke/Doc?id=10150389 _zAn electronic book accessible through the World Wide Web; click to view |
| 999 |
_c94587 _d94587 |
||